000
00248nam a22001097a 4500
008
170126b xxu||||| |||| 00| 0 eng d
020
_a
9781437723380
041
_a
eng
080
_a
61
245
_a
VIRTUAL MEDICAL OFFICE
_c
SMITH, L
942
_2
udc
_c
BK
999
_c
3756
_d
3756